00410nam a22001457a 4500041001200000082001200012100002200024245003200046260003800078300000700116650001700123942000700140952010000147999001700247 aEnglish a248 PRA aPrabhakar, Samson aReflections on Spirituality aBangalorebSamson Prabhakerc2006 a50 aSpirituality cBK 00104070aHMIbHMIcGENd2018-04-27g100.00l0o248 PRAp11003231r2026-01-16w2026-01-16yBK c20945d20945